Statistics for South America Flags Quiz

Click here to take the quiz!

General Stats

  • This quiz has been taken 5 times
  • The average score is 11 of 12

Answer Stats

Answer% Correct
Argentina
100%
Brazil
100%
Chile
100%
Colombia
100%
Ecuador
100%
Peru
100%
Uruguay
100%
Venezuela
100%
Bolivia
80%
Guyana
80%
Paraguay
80%
Suriname
60%

Score Distribution

Percentile by Number Answered

Percent of People with Each Score

Your Score History

You have not taken this quiz